00736nam a2200205 a 450000100100000000500170001000800410002702000150006804000250008308200150010810000210012324501420014425000140028626000520030030000280035250000760038050000350045670000200049170000190051100001988820200929170158.0100708s1978 mx a r 000 0 spa d a9682600073 aDO-SdBNPbspacBNPHU axxxbD252c1 aDavidson, Sidney10aContabilidad para la inflación :bguía para el contador y analisis financiero /cSidney Davidson , Clyde P. Stickney , Roman L. Weil. a2a reimp. aMéxico D. F. :bEditorial Continental,c1978. a272 p. :bil. ;c23 cm. aIncluye información biográfica de los autores en la contracubierta. aIncluye índice alfabético.1 aStickeny, Clyde1 aWeil, Roman L.